00649nam a2200205 a 450000100100000000500170001000800410002702000150006804000250008308200180010810000330012624500480015926000610020730000200026849000350028858600350032365000240035865000260038283000350040800001884720200929165851.0100519s1987 sp r 000 p spa d a8400065921 aDO-SdBNPbspacBNPHU a861.44bM722c1 aMoliner, Luis Carlos,d1949-14aLos cuerpos en el límite /cLuis Moliner. aZaragoza :bInstitución Fernando el Católico,c1987. a64 p. ;c24 cm.1 aColección San Jorge ;vno.50 aPremio Isabel de Portugal 1987 4aPoesía española 4aLiteratura española 0aColección San Jorge ;nno.50